| 000 | 00960cam a22002653a 4500 | ||
|---|---|---|---|
| 001 | 20136 | ||
| 003 | PGUSA | ||
| 005 | 20140828083427.0 | ||
| 008 | 061219s2006||||xxu|||||s|||||000 | eng d | ||
| 040 |
_aPGUSA _beng |
||
| 042 | _adc | ||
| 050 | 4 | _aD501 | |
| 245 | 1 | 4 |
_aThe Seventeenth Highland Light Infantry (Glasgow Chamber of Commerce Battalion) : _bRecord of War Service, 1914-1918 _h[electronic resource] |
| 260 |
_bProject Gutenberg, _c2006 |
||
| 506 | _aPublic domain in the USA. | ||
| 516 | _aElectronic text | ||
| 653 | _aGreat Britain. Army. Highland Light Infantry | ||
| 653 | _aWorld War, 1914-1918 -- Regimental histories -- Great Britain | ||
| 700 | 1 | _aArthur, John W. | |
| 700 | 1 |
_aMunro, Ion S. _q(Ion Smeaton) |
|
| 740 | 0 | _a17th Highland Light Infantry (Glasgow Chamber of Commerce Battalion) Record of War Service, 1914-1918 | |
| 830 | 0 |
_aProject Gutenberg _v20136 |
|
| 856 | 4 | 0 | _uhttp://www.gutenberg.org/ebooks/20136 |
| 942 | _cEB | ||
| 999 |
_c249391 _d249391 |
||